History Quiz

Random History or Decade Quiz

Historically Small US States Quiz Stats

 Plays Quiz Updated Jan 17, 2014

     
Support Sporcle.
Go Orange.
Score 0/100 Timer 03:00
0 Plays Today
Year State % Correct
1790Rhode Island
92.7%
1800Rhode Island
92.7%
1810Rhode Island
92.7%
1820Rhode Island
92.7%
1830Rhode Island
92.7%
1840Rhode Island
92.7%
1850Rhode Island
92.7%
1860Rhode Island
92.7%
1870Rhode Island
92.7%
1880Rhode Island
92.7%
1800Vermont
90.6%
1810Vermont
90.6%
1820Vermont
90.6%
1830Vermont
90.6%
1840Vermont
90.6%
1850Vermont
90.6%
1860Vermont
90.6%
1870Vermont
90.6%
1880Vermont
90.6%
1790New Hampshire
89.3%
1800New Hampshire
89.3%
1810New Hampshire
89.3%
1820New Hampshire
89.3%
1830New Hampshire
89.3%
1840New Hampshire
89.3%
1850New Hampshire
89.3%
1860New Hampshire
89.3%
1870New Hampshire
89.3%
1880New Hampshire
89.3%
1790Georgia
88.8%
1800Georgia
88.8%
1810Georgia
88.8%
1790Delaware
87.8%
1810Delaware
87.8%
Year State % Correct
1820Delaware
87.8%
1830Delaware
87.8%
1840Delaware
87.8%
1850Delaware
87.8%
1860Delaware
87.8%
1870Delaware
87.8%
1880Delaware
87.8%
1800Delaware
87.8%
1810Ohio
86.7%
1790South Carolina
86.3%
1850Florida
84.9%
1860Florida
84.9%
1870Florida
84.9%
1880Florida
84.9%
1800Kentucky
83.8%
1820Alabama
82.7%
1830Alabama
82.7%
1800Tennessee
81.8%
1810Tennessee
81.8%
1790Connecticut
81.8%
1800Connecticut
81.8%
1810Connecticut
81.8%
1820Connecticut
81.8%
1830Connecticut
81.8%
1840Connecticut
81.8%
1860Connecticut
81.8%
1820Mississippi
80.8%
1830Mississippi
80.8%
1840Mississippi
80.8%
1790New York
79.4%
1800Maryland
79%
1810Maryland
79%
1790Maryland
79%
1820Indiana
78.4%
Year State % Correct
1790New Jersey
78.2%
1800New Jersey
78.2%
1810New Jersey
78.2%
1840New Jersey
78.2%
1870Kansas
77.6%
1820Illinois
77.6%
1830Illinois
77.6%
1840Michigan
77.6%
1850Texas
76.6%
1880West Virginia
75.6%
1830Missouri
74.9%
1840Arkansas
74.3%
1850Arkansas
74.3%
1860Arkansas
74.3%
1850Iowa
73.7%
1790Massachusetts
73.4%
1820Louisiana
72.1%
1830Louisiana
72.1%
1840Louisiana
72.1%
1850California
70.4%
1860California
70.4%
1860Minnesota
69.3%
1870Minnesota
69.3%
1870Nebraska
68.3%
1880Nebraska
68.3%
1850Wisconsin
68.1%
1860Oregon
64.7%
1870Oregon
64.7%
1880Oregon
64.7%
1880Colorado
60.1%
1870Nevada
54.9%
1880Nevada
54.9%

From the Vault

Summer Olympics Keychains

by timmylemoine1

Sports 6m
Some accessories are simply off the chain.
Remove Ads.
Support Sporcle.
Get the best of Sporcle when you Go Orange. This ad-free experience offers more features, more stats, and more fun while also helping to support Sporcle. Thank you for becoming a member.

Show Comments

Extras

Top Quizzes Today


Score Distribution

Your Account Isn't Verified!

In order to create a playlist on Sporcle, you need to verify the email address you used during registration. Go to your Sporcle Settings to finish the process.

Report this User

Report this user for behavior that violates our Community Guidelines.

Details: